02476nam a2200361 i 4500001000700000003000900007005001700016008004100033016003100074017005000105020001500155035002100170035002700191040002900218080002100247080002100268100005200289245006100341260003300402300005800435336002200493337003000515338002400545490001900569504006500588520104600653650007301699651006301772852010701835942001801942999001901960952013501979197787ES-MaACL20250902063121.0250805s2004 sp | ||| ||spa 7 abimoBNE200500387532SpMaBN aM 36949-2004bOficina Depósito Legal Madrid a8496052826 a(OCoLC)417653836 a(SpMaBN)bimo0001998499 aSpMaBNbspacSpMaBNerdc a94(460)"1936/39" a94(100)"1939/45"1 aGragera Díaz, Francisco, d1958-9241599eaut14aLos quintos del Pelargón / cFrancisco Gragera Díaz. aMadrid : bOberon, c[2004]. a202 páginas, [24] páginas de láminas ; c24 cm. 2rdacontentatexto 2rdamediaasin mediación 2rdacarrieravolumen1 aOberon memoria aFuentes documentales y bibliográficas: páginas [201-203] aLa aparición de un puñado de cartas escritas por el padre del autor durante su participación en la Guerra Civil española supone el comienzo de una labor de investigación que le conducirá hasta Los quintos del pelargón. Gracias a los relatos ofrecidos por algunos mozos del reemplazo de 1941, que tuvieron la desgracia de ser arrastrados como la grava a los campos de batalla, podremos conocer, con todo lujo de detalles, cómo vivían en aquel desolado paisaje sembrado de zanjas, alambradas y campos de minas. La Guerra Civil marcará a estos niños, convertidos en hombres a marchas forzadas, al igual que a otras generaciones de españoles nacidos antes, durante o después de aquella lucha fratricida. A los mozos supervivientes les esperaba, en el mejor de los casos, hacer la mili y padecer hambre, mucha hambre. Luego, una vez licenciados, serían movilizados de nuevo al estallar la Segunda Guerra Mundial y algunos, los más "echaos p'alante", se alistaron a la División Azul para combatir en el frente ruso. 4aGuerra mundial, 1939-1945-xParticipación española2embne913251 4aEspaña-xHistoria-y1936-1939, Guerra civil2embne98292 aES-MaACLcDEPOJjN-10624xEncuadernación cartoné con sobrecubiertas9206747hDonación: Editorial cMONOGRAFIAn0 c197787d197787 00102udc4070aATENEOMbATENEOMcDEPOJd2025-08-31eDONACIONl0oN-10624p2025-1123r2025-08-31 00:00:00w2025-08-31yMONOGRAFIA